00413 a2200169 4500001000700000003000400007005001700011008004100028082001600069100001500085245005500100250001200155260002900167300001000196653001800206700001900224067999OSt20220113120654.0  a519.2bC45P1 aChow, Y.S.1 aProbability theorycby Y.S. Chow and Henry Teicher a3rd ed. aNew YorkbSpringerc2009 a488p. aProbabilities aTeicher, Henry